| 000 | 00456nam a2200157Ia 4500 | ||
|---|---|---|---|
| 005 | 20250626022545.0 | ||
| 008 | 240331s9999 xx 000 0 und d | ||
| 020 | _a9555920109 | ||
| 082 |
_bAKE _a351 |
||
| 245 | 0 | _aAkeywadaya Balaya Beda Herima Ha Bhautare Prabuthwawadaya | |
| 260 |
_aColombo _bSri Lanka Foundation Institute _c1995 |
||
| 300 | _a59 p ., | ||
| 500 | _aA book on Power Distribution Proposal | ||
| 700 |
_aAbeysekara, C. _eedt |
||
| 942 | _cL | ||
| 999 |
_c5486 _d5486 |
||